[Event "Vienna Chess Open 2016 Group A"]
[Site "Grosser Festsaal im Wiener Rathaus, 1010 Wien"]
[Date "2016.08.22"]
[Round "8"]
[Board "17"]
[White "Ivanov, Mike"]
[Black "Yankelevich, Lev"]
[Result "1-0"]
[WhiteElo "2269"]
[BlackElo "2414"]
[PlyCount "121"]
[EventDate "2016.08.16"]
[EventRounds "9"]
[EventCountry "AUT"]

1.e4 c5 2.Nf3 e6 3.b3 d5 4.exd5 exd5 5.Bb5+ Nc6 6.O-O Bd6 7.Bb2 Nf6 8.Re1+ Be6 9.Ng5
O-O 10.Nxe6 fxe6 11.Bxc6 bxc6 12.d3 Qc7 13.h3 Rae8 14.Nd2 e5 15.Re3 Qf7 16.Qe2 e4
17.dxe4 Bf4 18.e5 Bxe3 19.Qxe3 Nd7 20.Nf3 h6 21.Re1 Re6 22.a3 Rfe8 23.b4 d4 24.Qd2
Nxe5 25.Nxe5 Rxe5 26.Rxe5 Rxe5 27.bxc5 Rxc5 28.Bxd4 Rd5 29.Qe3 Rd7 30.f4 Qe7 31.Be5
Qe6 32.Kh2 Qf5 33.Qb3+ Kh7 34.Qc4 Rd2 35.Qxc6 Rxc2 36.Qb7 Qg6 37.f5 Qg5 38.Qe4 Ra2
39.f6+ Qg6 40.Qd5 Re2 41.fxg7 Rxe5 42.Qxe5 Qf7 43.a4 Qd7 44.a5 a6 45.h4 Qf7 46.h5
Kg8 47.g3 Qf2+ 48.Kh3 Qf1+ 49.Kg4 Qd1+ 50.Kf4 Qd2+ 51.Kf5 Kh7 52.Ke6 Qa2+ 53.Qd5 Qe2+
54.Kf6 Qb2+ 55.Qe5 Qb8 56.Qf5+ Kg8 57.Qe6+ Kh7 58.g8=Q+ Qxg8 59.Qxg8+ Kxg8 60.Kg6
Kf8 61.Kxh6 1-0

[Event "Vienna Chess Open 2016 Group A"]
[Site "Grosser Festsaal im Wiener Rathaus, 1010 Wien"]
[Date "2016.08.22"]
[Round "8"]
[Board "18"]
[White "Kilgus, Georg"]
[Black "Dedebas, Emre Emin"]
[Result "1/2-1/2"]
[WhiteElo "2413"]
[BlackElo "2248"]
[PlyCount "59"]
[EventDate "2016.08.16"]
[EventRounds "9"]
[EventCountry "AUT"]

1.c4 e5 2.g3 Nc6 3.Nc3 Bc5 4.Bg2 a6 5.e3 d6 6.Nge2 Ba7 7.b3 Nge7 8.Bb2 O-O 9.O-O Rb8
10.d4 exd4 11.exd4 b5 12.cxb5 axb5 13.d5 Ne5 14.Nd4 b4 15.Ncb5 Bb6 16.Re1 Ba6 17.f4
Nd7 18.Kh1 Bxb5 19.Nxb5 Bf2 20.Qg4 Ng6 21.Re2 f5 22.Qh5 Bxg3 23.hxg3 Rxb5 24.Bf3 Rf7
25.Rae1 Ndf8 26.Re8 Qd7 27.Qg5 Ra5 28.Rb8 Rxa2 29.Bd4 Rd2 30.Rxb4 1/2-1/2

[Event "Vienna Chess Open 2016 Group A"]
[Site "Grosser Festsaal im Wiener Rathaus, 1010 Wien"]
[Date "2016.08.22"]
[Round "8"]
[Board "19"]
[White "Sadilek, Peter"]
[Black "Pirrot, Dieter"]
[Result "1-0"]
[WhiteElo "2201"]
[BlackElo "2367"]
[PlyCount "47"]
[EventDate "2016.08.16"]
[EventRounds "9"]
[EventCountry "AUT"]

1.d4 d5 2.c4 dxc4 3.e3 e5 4.Bxc4 exd4 5.exd4 Bd6 6.Nf3 Nf6 7.O-O O-O 8.Nc3 Nc6 9.h3
h6 10.Qc2 Nb4 11.Qb1 c6 12.Bxh6 gxh6 13.Qg6+ Kh8 14.Qxh6+ Nh7 15.Ne4 Be7 16.Ne5 Nd5
17.f4 Bf5 18.Ng5 Bxg5 19.fxg5 Ne7 20.Rad1 Qe8 21.Rde1 Rd8 22.Rf4 f6 23.Rxf5 Rxd4 24.g6 1-0

[Event "Vienna Chess Open 2016 Group A"]
[Site "Grosser Festsaal im Wiener Rathaus, 1010 Wien"]
[Date "2016.08.22"]
[Round "8"]
[Board "20"]
[White "Dauth, Benjamin"]
[Black "Praveen Kumar, Chandrasekar"]
[Result "1-0"]
[WhiteElo "2367"]
[BlackElo "2242"]
[PlyCount "121"]
[EventDate "2016.08.16"]
[EventRounds "9"]
[EventCountry "AUT"]

1.e4 e6 2.d4 d5 3.exd5 exd5 4.Bd3 Bd6 5.Qf3 Nf6 6.h3 O-O 7.Nc3 c5 8.dxc5 Bxc5 9.Bg5
Be6 10.Bxf6 Qxf6 11.Qxf6 gxf6 12.Nge2 Nc6 13.O-O d4 14.Ne4 Be7 15.a3 Rfd8 16.f4 f5
17.Nd2 Bd6 18.Kh1 Rac8 19.Nf3 Bf8 20.Rae1 Bg7 21.Ng3 Ne7 22.Nh4 Rd5 23.Nh5 Ng6 24.Nf3
Bh8 25.Rf2 b5 26.Rfe2 h6 27.Nd2 a6 28.Rxe6 fxe6 29.Rxe6 Kf7 30.Rxa6 Rdc5 31.g4 Rxc2
32.Nf1 Rc1 33.gxf5 Nh4 34.Ra7+ R8c7 35.Rxc7+ Rxc7 36.Kh2 Rc5 37.Nhg3 Nf3+ 38.Kh1 Ne1
39.b4 Rc1 40.Bxb5 d3 41.Ne4 Bc3 42.Kh2 Rc2+ 43.Kg3 Bb2 44.Nfd2 Bd4 45.Ba4 Rb2 46.Nd6+
Kg7 47.N6c4 Ra2 48.Bb3 Ra1 49.b5 Nc2 50.b6 Re1 51.b7 Re8 52.Ne5 Ba7 53.Ne4 Nd4 54.f6+
Kh7 55.Bc4 Nf5+ 56.Kf3 Nh4+ 57.Kg4 Ng6 58.Bxd3 Nxe5+ 59.fxe5 Rxe5 60.Ng5+ Kg8 61.Bc4+ 1-0

[Event "Vienna Chess Open 2016 Group A"]
[Site "Grosser Festsaal im Wiener Rathaus, 1010 Wien"]
[Date "2016.08.22"]
[Round "8"]
[Board "21"]
[White "Berescu, Alin-Mile"]
[Black "Exler, Veronika"]
[Result "1-0"]
[WhiteElo "2458"]
[BlackElo "2194"]
[PlyCount "47"]
[EventDate "2016.08.16"]
[EventRounds "9"]
[EventCountry "AUT"]

1.c4 e6 2.e4 d5 3.exd5 exd5 4.d4 Nf6 5.Nc3 c6 6.Bd3 dxc4 7.Bxc4 Bd6 8.Nf3 O-O 9.O-O
Nbd7 10.Bb3 Qc7 11.Bg5 h6 12.Bh4 Ng4 13.h3 Ngf6 14.Qd3 Qa5 15.Rfe1 b6 16.Rad1 Ba6
17.Qg6 Qh5 18.Qxh5 Nxh5 19.Be7 Bxe7 20.Rxe7 Nhf6 21.Ne5 Nxe5 22.dxe5 Nd5 23.Nxd5 cxd5
24.Bxd5 1-0

[Event "Vienna Chess Open 2016 Group A"]
[Site "Grosser Festsaal im Wiener Rathaus, 1010 Wien"]
[Date "2016.08.22"]
[Round "8"]
[Board "22"]
[White "Horvath, Dominik"]
[Black "Sindarov, Javokhir"]
[Result "1/2-1/2"]
[WhiteElo "2247"]
[BlackElo "2374"]
[PlyCount "47"]
[EventDate "2016.08.16"]
[EventRounds "9"]
[EventCountry "AUT"]

1.Nf3 Nf6 2.c4 g6 3.Nc3 Bg7 4.e4 d6 5.d4 O-O 6.Be2 Bg4 7.Be3 Nfd7 8.Qd2 c5 9.d5 Na6
10.Bh6 Nc7 11.h3 Bxf3 12.gxf3 a6 13.h4 Nf6 14.h5 e5 15.O-O-O Qd7 16.Rdg1 Nce8 17.Bf1
Qc7 18.Ne2 Nxh5 19.Rxh5 gxh5 20.Bxg7 Nxg7 21.Rxg7+ Kxg7 22.Qg5+ Kh8 23.Qf6+ Kg8 24.Qg5+ 1/2-1/2

[Event "Vienna Chess Open 2016 Group A"]
[Site "Grosser Festsaal im Wiener Rathaus, 1010 Wien"]
[Date "2016.08.22"]
[Round "8"]
[Board "23"]
[White "Guido, Flavio"]
[Black "Larmuseau, Maarten"]
[Result "1/2-1/2"]
[WhiteElo "2370"]
[BlackElo "2245"]
[PlyCount "77"]
[EventDate "2016.08.16"]
[EventRounds "9"]
[EventCountry "AUT"]

1.e4 e6 2.d4 d5 3.e5 c5 4.c3 Nc6 5.Nf3 Qb6 6.a3 Nh6 7.b4 cxd4 8.cxd4 Nf5 9.Be3 f6
10.b5 Na5 11.Nbd2 Nxe3 12.fxe3 f5 13.Bd3 Bd7 14.O-O Rc8 15.Qe2 Be7 16.a4 O-O 17.Rfc1
Rxc1+ 18.Rxc1 Rc8 19.Qd1 Qd8 20.Kf2 g5 21.Rxc8 Qxc8 22.Qc2 Qd8 23.g4 fxg4 24.Bxh7+
Kh8 25.Ng1 Qf8+ 26.Kg2 Bb4 27.Bd3 a6 28.Nf1 Nc4 29.Bxc4 dxc4 30.Qxc4 axb5 31.axb5
b6 32.Ng3 Qa8+ 33.e4 Qf8 34.Nh5 Be7 35.Qe2 Qf7 36.Ng3 Qf4 37.Nh5 Qf7 38.Ng3 Qf4 39.Nh5 1/2-1/2

[Event "Vienna Chess Open 2016 Group A"]
[Site "Grosser Festsaal im Wiener Rathaus, 1010 Wien"]
[Date "2016.08.22"]
[Round "8"]
[Board "24"]
[White "Stigar, Petter"]
[Black "Schwabeneder, Florian"]
[Result "1/2-1/2"]
[WhiteElo "2236"]
[BlackElo "2369"]
[PlyCount "94"]
[EventDate "2016.08.16"]
[EventRounds "9"]
[EventCountry "AUT"]

1.Nf3 c5 2.c4 b6 3.g3 Bb7 4.Bg2 g6 5.d4 Nf6 6.O-O Bg7 7.Nc3 Ne4 8.Qd3 Nxc3 9.bxc3
O-O 10.e4 Nc6 11.Be3 d6 12.Nd2 Rc8 13.d5 Na5 14.f4 Ba6 15.h4 Qe8 16.a4 e6 17.Rfe1
exd5 18.exd5 Qd7 19.Bf3 Rfe8 20.Kg2 Re7 21.Bf2 Rxe1 22.Bxe1 Re8 23.Bf2 Qf5 24.Be4
Qf6 25.Ra3 Qe7 26.Bf3 Bc8 27.g4 Qd7 28.Bg3 h5 29.g5 Qh3+ 30.Kf2 Qd7 31.Be4 Qe7 32.Ra1
Nb3 33.Re1 Nxd2 34.Qxd2 Bf5 35.Bxf5 Qxe1+ 36.Qxe1 Rxe1 37.Kxe1 Bxc3+ 38.Kd1 gxf5 39.Kc2
Bb4 40.Kd1 Kf8 41.Bf2 Ke7 42.Kc2 Kd7 43.Kd1 Kc7 44.Be3 a6 45.Bd2 Bxd2 46.Kxd2 b5 47.a5
bxc4 1/2-1/2

[Event "Vienna Chess Open 2016 Group A"]
[Site "Grosser Festsaal im Wiener Rathaus, 1010 Wien"]
[Date "2016.08.22"]
[Round "8"]
[Board "25"]
[White "Heinemann, Josefine"]
[Black "Miedema, David"]
[Result "1-0"]
[WhiteElo "2231"]
[BlackElo "2368"]
[PlyCount "53"]
[EventDate "2016.08.16"]
[EventRounds "9"]
[EventCountry "AUT"]

1.e4 e6 2.d4 d5 3.Nc3 Bb4 4.e5 c5 5.a3 Bxc3+ 6.bxc3 Ne7 7.Qg4 O-O 8.Bd3 Nbc6 9.Qh5
Ng6 10.Nf3 Qc7 11.Be3 c4 12.Bxg6 fxg6 13.Qg4 Qf7 14.Ng5 Qe8 15.h4 Ne7 16.Qe2 Bd7 17.g4
Qc8 18.Kd2 Be8 19.h5 gxh5 20.gxh5 h6 21.Nf3 Rf5 22.Rag1 Kh7 23.Nh4 Rxh5 24.Qg4 Bg6
25.Rh3 Rxh4 26.Rxh4 Qg8 27.Bxh6 1-0

[Event "Vienna Chess Open 2016 Group A"]
[Site "Grosser Festsaal im Wiener Rathaus, 1010 Wien"]
[Date "2016.08.22"]
[Round "8"]
[Board "26"]
[White "Michalicka, Milan"]
[Black "Sowray, Peter"]
[Result "0-1"]
[WhiteElo "2211"]
[BlackElo "2348"]
[PlyCount "122"]
[EventDate "2016.08.16"]
[EventRounds "9"]
[EventCountry "AUT"]

1.d4 Nf6 2.c4 g6 3.Nf3 Bg7 4.Nc3 d5 5.Bg5 Ne4 6.Bh4 Nxc3 7.bxc3 dxc4 8.Qa4+ Qd7 9.Qxc4
b6 10.Qb3 Ba6 11.e3 Bxf1 12.Kxf1 O-O 13.Ke2 Nc6 14.Rhd1 Na5 15.Qa3 e6 16.Rac1 Rac8
17.c4 c5 18.dxc5 Qb7 19.cxb6 axb6 20.Qd3 Rc5 21.Rc2 Rfc8 22.Rdc1 Nc6 23.Rb1 Ne5 24.Nxe5
Bxe5 25.Bg3 Bxg3 26.hxg3 Qxg2 27.Rxb6 Rf5 28.Ke1 Qh1+ 29.Qf1 Qa8 30.Rbb2 Qa5+ 31.Kd1
Rfc5 32.Rb3 e5 33.Kc1 e4 34.Qe2 Qa4 35.Rbc3 h5 36.Kb2 Qa6 37.Ra3 Rb8+ 38.Rb3 Qf6+
39.Kb1 Rd8 40.Rb5 Rc7 41.Rd5 Rb8+ 42.Rb2 Rbc8 43.Rd4 Qe6 44.Rb4 Kh7 45.Qc2 Qe7 46.Qc3
h4 47.gxh4 Qxh4 48.Rd2 Qh1+ 49.Kb2 Kg8 50.Rc2 Rd7 51.Rd2 Rxd2+ 52.Qxd2 Qf1 53.Qc2
Qe1 54.Kb3 Rd8 55.c5 Rd3+ 56.Ka4 Rc3 57.Qb2 Qd1+ 58.Kb5 Qd7+ 59.Kb6 Qd8+ 60.Kc6 Qc8+
61.Kd5 Qe6+ 0-1

[Event "Vienna Chess Open 2016 Group A"]
[Site "Grosser Festsaal im Wiener Rathaus, 1010 Wien"]
[Date "2016.08.22"]
[Round "8"]
[Board "27"]
[White "Sprotte, Norbert"]
[Black "Voege, Tobias"]
[Result "1/2-1/2"]
[WhiteElo "2202"]
[BlackElo "2346"]
[PlyCount "41"]
[EventDate "2016.08.16"]
[EventRounds "9"]
[EventCountry "AUT"]

1.d4 d5 2.Nf3 Nc6 3.e3 Bg4 4.Bb5 e6 5.c4 Bb4+ 6.Nbd2 Nge7 7.a3 Bxd2+ 8.Bxd2 O-O 9.cxd5
Qxd5 10.Be2 e5 11.dxe5 Nxe5 12.Bc3 Bxf3 13.Bxf3 Nxf3+ 14.Qxf3 Qxf3 15.gxf3 Nd5 16.Be5
Rfe8 17.Bg3 c6 18.O-O-O f5 19.Rd4 Nf6 20.Bh4 Kf7 21.Rhd1 1/2-1/2

[Event "Vienna Chess Open 2016 Group A"]
[Site "Grosser Festsaal im Wiener Rathaus, 1010 Wien"]
[Date "2016.08.22"]
[Round "8"]
[Board "28"]
[White "De Schampheleire, Glen"]
[Black "Albadri, Abd Al Sattar"]
[Result "1-0"]
[WhiteElo "2339"]
[BlackElo "2183"]
[PlyCount "75"]
[EventDate "2016.08.16"]
[EventRounds "9"]
[EventCountry "AUT"]

1.Nf3 Nf6 2.c4 g6 3.Nc3 Bg7 4.d4 O-O 5.e4 d6 6.Be2 e5 7.d5 a5 8.Bg5 h6 9.Bh4 Na6 10.Nd2
Nc5 11.O-O a4 12.Qc2 g5 13.Bg3 a3 14.b4 Ncxe4 15.Ndxe4 Nxe4 16.Nxe4 f5 17.f3 fxe4
18.fxe4 b6 19.c5 bxc5 20.bxc5 Ba6 21.Bxa6 Rxa6 22.Bf2 Qa8 23.c6 Ra4 24.Rab1 Qa6 25.Rb7
Rc4 26.Qb1 Rf7 27.h3 Rc3 28.Re1 Kh7 29.Bb6 Qc4 30.Rxc7 Rxc7 31.Bxc7 Rc2 32.Bxd6 g4
33.Qb3 Qxb3 34.axb3 a2 35.c7 g3 36.Ra1 Kg6 37.Kf1 Bf6 38.Rxa2 1-0

[Event "Vienna Chess Open 2016 Group A"]
[Site "Grosser Festsaal im Wiener Rathaus, 1010 Wien"]
[Date "2016.08.22"]
[Round "8"]
[Board "29"]
[White "Knoflicek, Ctibor"]
[Black "Trkulja, Goran"]
[Result "1-0"]
[WhiteElo "2200"]
[BlackElo "2335"]
[PlyCount "78"]
[EventDate "2016.08.16"]
[EventRounds "9"]
[EventCountry "AUT"]

1.d4 g6 2.c4 Bg7 3.Nf3 d6 4.g3 Nc6 5.d5 Ne5 6.Nxe5 Bxe5 7.Bg2 Bg7 8.O-O Nf6 9.Nc3
O-O 10.Be3 a6 11.Bd4 Bd7 12.e4 c5 13.dxc6 Bxc6 14.Qe2 Nd7 15.Bxg7 Kxg7 16.b4 b6 17.Rfd1
Ra7 18.Rac1 Qa8 19.Nd5 Bxd5 20.cxd5 a5 21.a3 axb4 22.axb4 Rc8 23.Rxc8 Qxc8 24.Qb2+
f6 25.Bh3 Qc4 26.Rd4 Qb5 27.Bxd7 Rxd7 28.Qc3 Ra7 29.Rc4 Kf7 30.Kg2 Ra2 31.h4 h5 32.Qd4
Qa6 33.Rc6 Ra1 34.Qxb6 Qf1+ 35.Kf3 Ra3+ 36.Kf4 Qh3 37.f3 g5+ 38.hxg5 fxg5+ 39.Kxg5
Rxf3 1-0

[Event "Vienna Chess Open 2016 Group A"]
[Site "Grosser Festsaal im Wiener Rathaus, 1010 Wien"]
[Date "2016.08.22"]
[Round "8"]
[Board "30"]
[White "Low, Zhen Yu Cyrus"]
[Black "Wallner, Joachim"]
[Result "1/2-1/2"]
[WhiteElo "2197"]
[BlackElo "2333"]
[PlyCount "94"]
[EventDate "2016.08.16"]
[EventRounds "9"]
[EventCountry "AUT"]

1.e4 c5 2.Nf3 d6 3.d4 cxd4 4.Nxd4 Nf6 5.Nc3 a6 6.Be3 e6 7.Be2 Be7 8.g4 b5 9.g5 Nfd7
10.a3 Bb7 11.Qd2 Nc5 12.f3 O-O 13.O-O-O Nc6 14.h4 Rb8 15.h5 Nxd4 16.Qxd4 Bxg5 17.Rhg1
e5 18.Bxg5 Qxg5+ 19.Rxg5 exd4 20.Nd5 Ne6 21.Ne7+ Kh8 22.Rg4 Rfe8 23.Nf5 d5 24.exd5
Bxd5 25.Nxd4 Ba8 26.Rd2 h6 27.a4 Ng5 28.axb5 axb5 29.b4 Bd5 30.Nxb5 Bxf3 31.Bxf3 Nxf3
32.Rd5 Re5 33.Nc3 Re3 34.Nd1 Re1 35.b5 Re5 36.Rxe5 Nxe5 37.Rb4 g5 38.hxg6 fxg6 39.Ne3
h5 40.Kd2 Kg7 41.c4 h4 42.Ke2 g5 43.c5 Rc8 44.Nf5+ Kh7 45.c6 Nxc6 46.bxc6 Rxc6 47.Rb7+
Kh8 1/2-1/2

[Event "Vienna Chess Open 2016 Group A"]
[Site "Grosser Festsaal im Wiener Rathaus, 1010 Wien"]
[Date "2016.08.22"]
[Round "8"]
[Board "31"]
[White "Lomineishvili, Maia"]
[Black "Wagner, Gregor"]
[Result "1-0"]
[WhiteElo "2331"]
[BlackElo "2170"]
[PlyCount "115"]
[EventDate "2016.08.16"]
[EventRounds "9"]
[EventCountry "AUT"]

1.d4 d5 2.c4 c6 3.Nc3 Nf6 4.e3 e6 5.Nf3 Nbd7 6.Qc2 Bd6 7.Bd3 O-O 8.O-O dxc4 9.Bxc4
b5 10.Be2 Bb7 11.e4 e5 12.dxe5 Nxe5 13.Nd4 Neg4 14.g3 Bc5 15.Nf5 Qb6 16.Bxg4 Nxg4
17.b4 Bxb4 18.Qb2 Bxc3 19.Qxc3 f6 20.Ba3 Rfd8 21.Qb3+ Kh8 22.Qf7 Rg8 23.Nd6 Bc8 24.Bc5
Qd8 25.Rad1 Nh6 26.Be3 Qf8 27.Qc7 Be6 28.Bxh6 gxh6 29.Qxc6 Bxa2 30.Qxb5 Be6 31.f4
Qe7 32.f5 Ba2 33.Rf2 Rab8 34.Qc5 Bb3 35.Ra1 Rb6 36.Rd2 Kg7 37.e5 fxe5 38.f6+ Kxf6
39.Ne4+ Ke6 40.Qxe7+ Kxe7 41.Rxa7+ Ke6 42.Nc5+ Kf5 43.Rb2 Rgb8 44.Nd7 R8b7 45.Rxb7
Rxb7 46.Nc5 Rb5 47.Nxb3 Kg4 48.Kg2 h5 49.h3+ Kg5 50.Kf3 h4 51.g4 h5 52.gxh5 Kxh5 53.Rb1
Rb4 54.Nd2 Rd4 55.Ke3 Ra4 56.Rb5 Kg6 57.Nf3 Kf6 58.Nxe5 1-0

[Event "Vienna Chess Open 2016 Group A"]
[Site "Grosser Festsaal im Wiener Rathaus, 1010 Wien"]
[Date "2016.08.22"]
[Round "8"]
[Board "32"]
[White "Neumeier, Klaus"]
[Black "Larmuseau, Michiel"]
[Result "1/2-1/2"]
[WhiteElo "2300"]
[BlackElo "2177"]
[PlyCount "39"]
[EventDate "2016.08.16"]
[EventRounds "9"]
[EventCountry "AUT"]

1.Nf3 Nf6 2.c4 e6 3.g3 c5 4.Bg2 Nc6 5.O-O Be7 6.Nc3 O-O 7.d4 d5 8.cxd5 Nxd5 9.Nxd5
Qxd5 10.Ne5 Qxd4 11.Nxc6 bxc6 12.Bxc6 Rb8 13.Qc2 Rd8 14.Rb1 Ba6 15.Bf3 Bf6 16.Be3
Rxb2 17.Rxb2 Qxb2 18.Qxb2 Bxb2 19.Bxc5 Bd4 20.Bxd4 1/2-1/2

[Event "Vienna Chess Open 2016 Group A"]
[Site "Grosser Festsaal im Wiener Rathaus, 1010 Wien"]
[Date "2016.08.22"]
[Round "8"]
[Board "33"]
[White "Zamengo, Fulvio"]
[Black "Binder, Moriz"]
[Result "1/2-1/2"]
[WhiteElo "2298"]
[BlackElo "2143"]
[PlyCount "136"]
[EventDate "2016.08.16"]
[EventRounds "9"]
[EventCountry "AUT"]

1.e4 e5 2.Nf3 Nc6 3.Bb5 a6 4.Ba4 Nf6 5.O-O Be7 6.Re1 b5 7.Bb3 d6 8.c3 O-O 9.h3 Nb8
10.d4 Nbd7 11.Nbd2 Bb7 12.Bc2 Re8 13.Nf1 Bf8 14.Ng3 g6 15.a4 c6 16.Bg5 Qc7 17.Qd2
Bg7 18.Rad1 Nb6 19.dxe5 dxe5 20.Qd6 Qxd6 21.Rxd6 Nc4 22.Rxf6 h6 23.Bh4 Bxf6 24.Bxf6
Re6 25.Bb3 Rxf6 26.Bxc4 bxc4 27.Nxe5 c5 28.Nxc4 Re6 29.f3 Bc6 30.b3 Rb8 31.Nd2 c4
32.b4 Bxa4 33.Ne2 Rd6 34.Nxc4 Rd1 35.Rxd1 Bxd1 36.Nf4 Rc8 37.Nb6 Rxc3 38.Nfd5 Rb3
39.Nd7 Rb1 40.Kf2 Rb2+ 41.Kg1 Be2 42.N7f6+ Kg7 43.h4 h5 44.Ne8+ Kf8 45.Nef6 Bc4 46.Kh2
Bf1 47.Ne3 Bxg2 48.Nxg2 Rxb4 49.Nf4 a5 50.Nd3 Rb5 51.Nd5 a4 52.Kg3 a3 53.N5b4 Ke7
54.Kf4 Kd6 55.Ke3 Ra5 56.Na2 g5 57.e5+ Kd5 58.hxg5 h4 59.Kf4 Ra4+ 60.Ndb4+ Ke6 61.Kg4
Kxe5 62.f4+ Kd4 63.Kxh4 Kc4 64.f5 Rxb4 65.Nxb4 Kxb4 66.g6 fxg6 67.f6 a2 68.f7 a1=Q 1/2-1/2

[Event "Vienna Chess Open 2016 Group A"]
[Site "Grosser Festsaal im Wiener Rathaus, 1010 Wien"]
[Date "2016.08.22"]
[Round "8"]
[Board "34"]
[White "Barle, Janez"]
[Black "Berger, Stefan"]
[Result "1-0"]
[WhiteElo "2289"]
[BlackElo "1993"]
[PlyCount "81"]
[EventDate "2016.08.16"]
[EventRounds "9"]
[EventCountry "AUT"]

1.e4 Nf6 2.e5 Nd5 3.d4 d6 4.Bc4 dxe5 5.dxe5 e6 6.Nf3 Be7 7.O-O O-O 8.Qe2 c6 9.Rd1
Nd7 10.Bd3 Qc7 11.Qe4 g6 12.Bh6 Re8 13.Bf1 a5 14.c4 Nb4 15.Nc3 Na6 16.Qf4 Nac5 17.Ne4
Nxe4 18.Qxe4 a4 19.Bf4 Bf8 20.h4 Bg7 21.h5 Ra5 22.hxg6 hxg6 23.Re1 b6 24.Bd2 Ra7 25.Bc3
Nf8 26.c5 bxc5 27.Ng5 Nh7 28.Nf3 Ba6 29.Bxa6 Rxa6 30.Qc4 Qb6 31.Qf4 Rd8 32.Nd2 Rd7
33.Ne4 a3 34.b3 Raa7 35.Re3 Rd5 36.Rh3 Qd8 37.Re1 Rd1 38.Rxd1 Qxd1+ 39.Kh2 Qd8 40.Nf6+
Nxf6 41.exf6 1-0

[Event "Vienna Chess Open 2016 Group A"]
[Site "Grosser Festsaal im Wiener Rathaus, 1010 Wien"]
[Date "2016.08.22"]
[Round "8"]
[Board "35"]
[White "Trkulja, Zoran"]
[Black "Radionov, Timur"]
[Result "0-1"]
[WhiteElo "2189"]
[BlackElo "2285"]
[PlyCount "50"]
[EventDate "2016.08.16"]
[EventRounds "9"]
[EventCountry "AUT"]

1.e4 e5 2.Nf3 Nc6 3.Bc4 Bc5 4.O-O Nf6 5.Nc3 O-O 6.h3 h6 7.a3 a6 8.b4 Ba7 9.d3 d6 10.Ba2
Be6 11.Be3 d5 12.Bxa7 Rxa7 13.Re1 Re8 14.exd5 Nxd5 15.Qd2 Nxc3 16.Bxe6 Rxe6 17.Qxc3
Qd6 18.Re4 Ra8 19.Rae1 Rae8 20.Nd2 Kh7 21.Nc4 Qd5 22.a4 Nd4 23.R4e3 f5 24.Nd2 Rc6
25.Nc4 b5 0-1

[Event "Vienna Chess Open 2016 Group A"]
[Site "Grosser Festsaal im Wiener Rathaus, 1010 Wien"]
[Date "2016.08.22"]
[Round "8"]
[Board "36"]
[White "Rubil, Marko"]
[Black "Breneis, Lukas"]
[Result "1-0"]
[WhiteElo "2279"]
[BlackElo "2121"]
[PlyCount "73"]
[EventDate "2016.08.16"]
[EventRounds "9"]
[EventCountry "AUT"]

1.e4 c5 2.Nf3 e6 3.d4 cxd4 4.Nxd4 Nf6 5.Nc3 d6 6.Be2 Be7 7.O-O a6 8.a4 Nc6 9.Be3 Qc7
10.f4 O-O 11.Kh1 Re8 12.Bf3 Na5 13.g4 Nc4 14.Bc1 Nd7 15.Bg2 b6 16.Rf3 Bb7 17.Rh3 Bf6
18.b3 Na5 19.g5 Bxd4 20.Qxd4 Rac8 21.Ba3 e5 22.Qd2 d5 23.exd5 exf4 24.d6 Qd8 25.Qxf4
Bxg2+ 26.Kxg2 Re5 27.Rg3 Qe8 28.Rd1 Re2+ 29.Kf1 Rxh2 30.Re3 Qd8 31.Qxh2 Qxg5 32.Qh3
Qf6+ 33.Kg1 Qg5+ 34.Kh1 f5 35.Rg1 Qf4 36.Nd5 Qd4 37.Ne7+ 1-0

[Event "Vienna Chess Open 2016 Group A"]
[Site "Grosser Festsaal im Wiener Rathaus, 1010 Wien"]
[Date "2016.08.23"]
[Round "9"]
[Board "2"]
[White "Koop, Thorben"]
[Black "Buhmann, Rainer"]
[Result "1/2-1/2"]
[WhiteElo "2412"]
[BlackElo "2641"]
[PlyCount "145"]
[EventDate "2016.08.16"]
[EventRounds "9"]
[EventCountry "AUT"]

1.c4 e5 2.g3 d6 3.Bg2 f5 4.Nc3 Nf6 5.d3 Be7 6.Nf3 O-O 7.O-O Na6 8.Rb1 c6 9.b4 Nc7
10.Ba3 Kh8 11.Qc2 Qe8 12.c5 dxc5 13.bxc5 Nd7 14.Na4 Qh5 15.Bb2 f4 16.Qc4 Nd5 17.Ba1
Rf6 18.Nc3 fxg3 19.hxg3 Nxc3 20.Bxc3 Bxc5 21.d4 exd4 22.Bxd4 Bxd4 23.Qxd4 Rf8 24.Rfd1
Nf6 25.Qd6 Re8 26.Rb2 h6 27.Qc7 Nd5 28.Qa5 Qf7 29.e4 b6 30.Qd2 Nf6 31.Qf4 Qh5 32.e5
Nd5 33.Qc4 Bg4 34.Qxc6 Ne7 35.Qe4 Rf8 36.Rb3 Rac8 37.Re1 Be6 38.Ra3 Bd5 39.Qh4 Bxf3
40.Qxe7 Bxg2 41.Kxg2 Rf7 42.Qd6 Rc2 43.Qd4 Qf5 44.Rf1 Re2 45.g4 Qxe5 46.Qxe5 Rxe5
47.Rc3 Kh7 48.Kg3 Ra5 49.a3 Ra4 50.Rd1 Re7 51.f3 b5 52.Rd5 a6 53.Rd6 Kg8 54.Rb6 Rd7
55.Re3 Kf7 56.Kh3 Re7 57.Rd3 Re6 58.Rb7+ Re7 59.Rb6 Re6 60.Rb7+ Kf6 61.Kg3 g5 62.Rh7
Ke5 63.Rhd7 Rc6 64.Re7+ Kf6 65.Rh7 Ke5 66.Re7+ Kf6 67.Rh7 Kg6 68.Rdd7 Rf4 69.Rde7
Kf6 70.Rhf7+ Kg6 71.Rg7+ Kf6 72.Rgf7+ Kg6 73.Rg7+ 1/2-1/2

[Event "Vienna Chess Open 2016 Group A"]
[Site "Grosser Festsaal im Wiener Rathaus, 1010 Wien"]
[Date "2016.08.23"]
[Round "9"]
[Board "3"]
[White "Shengelia, David"]
[Black "Nitin, Senthilvel"]
[Result "1/2-1/2"]
[WhiteElo "2572"]
[BlackElo "2398"]
[PlyCount "84"]
[EventDate "2016.08.16"]
[EventRounds "9"]
[EventCountry "AUT"]

1.d4 Nf6 2.g3 g6 3.Bg2 Bg7 4.e4 d6 5.Nc3 O-O 6.Nge2 c5 7.dxc5 dxc5 8.Qxd8 Rxd8 9.Be3
Na6 10.h3 Ne8 11.O-O Nd6 12.Rad1 Bd7 13.Nd5 Nc4 14.Bg5 f6 15.Bc1 e6 16.Ne3 Nxe3 17.Bxe3
Bb5 18.Bf3 Bc6 19.Nf4 Kf7 20.Bg4 e5 21.Nd5 f5 22.Be2 fxe4 23.f3 exf3 24.Bxf3 e4 25.Bxe4+
Kg8 26.Bg5 Re8 27.Ne7+ Kh8 28.Bxc6 bxc6 29.Rd7 Bxb2 30.Nxc6 Nb4 31.Nxb4 cxb4 32.Rff7
Rac8 33.Rxh7+ Kg8 34.Rc7 Be5 35.Rce7 Bd4+ 36.Kf1 Rxe7 37.Rxe7 Rxc2 38.Re2 Rc3 39.Re4
Bc5 40.Bd2 Rxg3 41.Bxb4 Bxb4 42.Rxb4 Ra3 1/2-1/2

[Event "Vienna Chess Open 2016 Group A"]
[Site "Grosser Festsaal im Wiener Rathaus, 1010 Wien"]
[Date "2016.08.23"]
[Round "9"]
[Board "4"]
[White "Ponizil , Cyril "]
[Black "Schreiner, Peter"]
[Result "1/2-1/2"]
[WhiteElo "2510"]
[BlackElo "2445"]
[PlyCount "79"]
[EventDate "2016.08.16"]
[EventRounds "9"]
[EventCountry "AUT"]

1.e4 e5 2.Nf3 Nc6 3.Bb5 a6 4.Ba4 Nf6 5.d3 d6 6.c4 g6 7.O-O Bg7 8.h3 O-O 9.Nc3 Nd4
10.Nxd4 exd4 11.Ne2 Nd7 12.b4 a5 13.Bxd7 Bxd7 14.b5 c6 15.bxc6 bxc6 16.Bf4 Qe7 17.Qd2
d5 18.exd5 cxd5 19.cxd5 Qc5 20.d6 Be5 21.Rac1 Qxd6 22.Bxe5 Qxe5 23.Rc4 Be6 24.Rxd4
Rfd8 25.Rh4 Rab8 26.Nc3 Rb4 27.Rxb4 axb4 28.Ne2 Ra8 29.Ng3 Qd4 30.Ne2 Qd6 31.Nc1 Qd4
32.Re1 Rd8 33.Kf1 Bf5 34.Kg1 Be6 35.Nb3 Bxb3 36.axb3 Qc3 37.Qxc3 bxc3 38.Rc1 Rxd3
39.Kf1 c2 40.Rxc2 1/2-1/2

[Event "Vienna Chess Open 2016 Group A"]
[Site "Grosser Festsaal im Wiener Rathaus, 1010 Wien"]
[Date "2016.08.23"]
[Round "9"]
[Board "5"]
[White "Hertneck, Gerald"]
[Black "Keymer, Vincent"]
[Result "0-1"]
[WhiteElo "2469"]
[BlackElo "2348"]
[PlyCount "64"]
[EventDate "2016.08.16"]
[EventRounds "9"]
[EventCountry "AUT"]

1.d4 d5 2.Nf3 Nf6 3.c4 c6 4.Nc3 dxc4 5.a4 Bf5 6.Ne5 Nbd7 7.Nxc4 Nb6 8.Ne5 a5 9.g3
e6 10.Bg2 Bb4 11.O-O O-O 12.e3 Qe7 13.g4 Bg6 14.h4 h6 15.Nxg6 fxg6 16.e4 e5 17.g5
hxg5 18.hxg5 Nh5 19.dxe5 Qxe5 20.Qb3+ Kh7 21.Ne2 Bc5 22.Bd2 Rad8 23.Rad1 Rd7 24.Bc3
Qxg5 25.Rxd7 Nxd7 26.Qxb7 Qg4 27.Qa6 Qh4 28.Bd4 Bxd4 29.Nxd4 Nf4 30.Qxc6 Ne5 31.Qc3
Ned3 32.e5 Rd8 0-1